00450 2200181 4500001002100000005001500021008004100036020001800077035001900095041000700114082001100121090001700132100002100149245001600170260003300186300002600219650002300245INLIS00000000000427120241224112859241224||||||||| | ||| |||| || |  a979-730-484-1 0010-1224004271 aid0 a922,97 a922,97 YUL s0 aYuliadi Soekardi00aSunan Muria aBandungbPustaka Setiac2004 a124 hlm.:ilus.;28 cm. 0aSEJARAH & BIOGRAFI